Wiley plus for principles of anatomy & physiology / (Record no. 99358)
[ view plain ]
| 000 -LEADER | |
|---|---|
| fixed length control field | 02090nam a22003017a 4500 |
| 003 - CONTROL NUMBER IDENTIFIER | |
| control field | URS |
| 005 - DATE AND TIME OF LATEST TRANSACTION | |
| control field | 20260405140930.0 |
| 008 - FIXED-LENGTH DATA ELEMENTS--GENERAL INFORMATION | |
| fixed length control field | 260405b |||||||| |||| 00| 0 eng d |
| 020 ## - INTERNATIONAL STANDARD BOOK NUMBER | |
| International Standard Book Number | 978-1-11966-271-6 |
| 040 ## - CATALOGING SOURCE | |
| Language of cataloging | English |
| Description conventions | rda |
| Transcribing agency | URS |
| 050 00 - LIBRARY OF CONGRESS CALL NUMBER | |
| Classification number | QP34.5 |
| Item number | .T638 2022 |
| 100 1# - MAIN ENTRY--PERSONAL NAME | |
| Personal name | Tortora, Gerard J., |
| Relator term | author. |
| 245 10 - TITLE STATEMENT | |
| Title | Wiley plus for principles of anatomy & physiology / |
| Statement of responsibility, etc | Gerard J. Tortora, Bryan Derrickson, Brendan Burkett. |
| 250 ## - EDITION STATEMENT | |
| Edition statement | 3rd edition. |
| 264 #1 - PUBLICATION, DISTRIBUTION, ETC. (IMPRINT) | |
| Place of publication, distribution, etc | Hoboken, NJ : |
| Name of publisher, distributor, etc | Wiley, |
| Date of publication, distribution, etc | ©2022. |
| 300 ## - PHYSICAL DESCRIPTION | |
| Extent | 1 volume (various paging) : |
| Other physical details | color illustrations ; |
| Dimensions | 28 cm. |
| 336 ## - CONTENT TYPE | |
| Content type term | text |
| Content type code | txt |
| Source | rdacontent |
| 337 ## - MEDIA TYPE | |
| Media type term | unmediated |
| Media type code | n |
| Source | rdamedia |
| 338 ## - CARRIER TYPE | |
| Carrier type term | volume |
| Carrier type code | nc |
| Source | rdacarrier |
| 500 ## - GENERAL NOTE | |
| General note | Includes index. |
| 520 ## - SUMMARY, ETC. | |
| Summary, etc | "Welcome to your course in anatomy and physiology! Many of you are taking this course because you hope to pursue a career in one of the allied health fields or nursing. Or perhaps you are simply interested in learning more about your own body. Whatever your motivation, Principles of Anatomy and Physiology, 15th edition and WileyPLUS have all the content and tools that you need to successfully navigate what can be a very challenging course. Over the past fourteen editions of this text we have made every effort to provide you with an accurate, clearly written, and expertly illustrated presentation of the structure and function of the human body and to explore the practical and relevant applications of your knowledge to everyday life and career development. This fifteenth edition remains true to these goals. It distinguishes itself from prior editions with updated and new illustrations and enhanced digital online learning resources"-- |
| Assigning source | Provided by publisher. |
| 650 #0 - SUBJECT ADDED ENTRY--TOPICAL TERM | |
| Topical term or geographic name as entry element | Human physiology |
| Form subdivision | Textbooks. |
| 650 #0 - SUBJECT ADDED ENTRY--TOPICAL TERM | |
| Topical term or geographic name as entry element | Human anatomy |
| Form subdivision | Textbooks. |
| 700 ## - ADDED ENTRY--PERSONAL NAME | |
| Personal name | Derrickson, Bryan H., |
| Relator term | author. |
| 9 (RLIN) | 6768 |
| 700 ## - ADDED ENTRY--PERSONAL NAME | |
| Personal name | Burkett, Brendan, |
| Relator term | author. |
| 9 (RLIN) | 6618 |
| 776 08 - ADDITIONAL PHYSICAL FORM ENTRY | |
| Display text | Online version: |
| Main entry heading | Tortora, Gerard J., |
| Title | Principles of anatomy and physiology |
| Edition | Sixteenth edition. |
| Place, publisher, and date of publication | Hoboken : Wiley, 2020. |
| International Standard Book Number | 9781119704324 |
| Record control number | (DLC) 2020028081 |
| 942 ## - ADDED ENTRY ELEMENTS (KOHA) | |
| Source of classification or shelving scheme | Library of Congress Classification |
| Koha item type | Reserved Books |
| Withdrawn status | Lost status | Source of classification or shelving scheme | Damaged status | Not for loan | Collection code | Home library | Current library | Shelving location | Date acquired | Source of acquisition | Cost, normal purchase price | Total Checkouts | Full call number | Barcode | Date last seen | Copy number | Cost, replacement price | Price effective from | Koha item type |
|---|---|---|---|---|---|---|---|---|---|---|---|---|---|---|---|---|---|---|---|
| Library of Congress Classification | Non-fiction | Taytay College Library | Taytay College Library | Medicine Collection | 04/05/2026 | Purchased | 10698.00 | QP34.5 .T638 2022 | URSTAY-6143 | 04/05/2026 | 1 | 10698.00 | 04/05/2026 | Reserved Books |